Niemieckie landy - Statystyki

Ogólne statystyki
  • Ten quiz został rozwiązany 16 razy
  • Średni wynik to 9 z 16
Statystyki odpowiedzi
land % Poprawnych
Bawaria
100%
Saksonia
80%
Berlin
73%
Dolna Saksonia
73%
Turyngia
67%
Brema
60%
Hesja
60%
Meklemburgia-Pomorze Przednie
53%
Saara
53%
Brandenburgia
47%
Nadrenia Północna-Westfalia
47%
Saksonia-Anhalt
47%
Szlezwik-Holsztyn
47%
Badenia-Wirtembergia
40%
Hamburg
40%
Nadrenia Palatynat
33%
Nie znaleziono quizów pasujących do podanych kryteriów
Rozkład punktacji
Procent ludzi z każdym wynikiem
Percentyl według liczby udzielonych odpowiedzi
Twoja historia wyników
Nie rozwiązałeś tego quizu